000 00439nam a2200133Ia 4500
008 100328s9999 xx 000 0 und d
082 _b31829
100 _aकुसुमाग्रज
245 _aकालिदासाचे मेघदूत
260 _bपॉप्युलर
630 _aकालिदासाचे मेघदूत
730 _aकालिदासाचे मेघदूत
942 _cBOOK
999 _c522650
_d522647